[Event "Stiller Don Rostov-Wroclaw"]
[Site "Dresden"]
[Date "????.??.??"]
[Round "3.1"]
[White "Tseshkovsky, V."]
[Black "Schmidt, W."]
[Result "1-0"]
[WhiteElo "2504"]
[BlackElo "2404"]
[PlyCount "95"]
[EventDate "2008.??.??"]

1. d4 d5 2. e4 e6 3. Nc3 Bb4 4. e5 c5 5. a3 Bxc3+ 6. bxc3 Ne7 7. Qg4 O-O 8. Bd3
Nbc6 9. Qh5 Ng6 10. Nh3 Qc7 11. O-O cxd4 12. cxd4 Nxd4 13. Ng5 h6 14. Nxf7 Nf4
15. Bxf4 Qxf7 16. Qxf7+ Rxf7 17. Bd2 Rc7 18. Rab1 Bd7 19. c3 Nc6 20. f4 Na5 21.
g4 Nc4 22. Bxc4 dxc4 23. f5 Rf8 24. f6 Bc6 25. Be3 b6 26. Rbe1 Rcf7 27. h4 Kh7
28. g5 hxg5 29. Bxg5 Rd8 30. fxg7 Rxg7 31. Rf6 Bd5 32. Kh2 Rdd7 33. Ref1 Rg6
34. Kg3 Be4 35. R1f4 Bd5 36. Rf8 Rg8 37. Kg4 Rxf8 38. Rxf8 Kg7 39. Rc8 b5 40.
Bf6+ Kf7 41. h5 Be4 42. Kg5 Rd3 43. Rc7+ Ke8 44. Re7+ Kf8 45. Rxe6 Rxc3 46. Kf4
Bb1 47. Rc6 Kf7 48. Bg5 1-0

[Event "Stiller Don Rostov-Wroclaw"]
[Site "Dresden"]
[Date "????.??.??"]
[Round "3.2"]
[White "Kot, J."]
[Black "Pushkov, N."]
[Result "0-1"]
[WhiteElo "2293"]
[BlackElo "2513"]
[PlyCount "78"]
[EventDate "2008.??.??"]

1. Nf3 Nf6 2. c4 e6 3. d4 b6 4. g3 Bb7 5. Bg2 Be7 6. O-O O-O 7. Nc3 Na6 8. Bf4
d5 9. Ne5 c5 10. cxd5 exd5 11. Rc1 Ne4 12. Qa4 Qe8 13. Bxe4 dxe4 14. Rfd1 cxd4
15. Rxd4 Bf6 16. Ng4 Bxd4 17. Qxd4 Qe6 18. Ne3 Rfd8 19. Qa4 Nc5 20. Qc2 h6 21.
Nf1 Rac8 22. Be3 Qc6 23. Bxc5 Qxc5 24. Ne3 b5 25. a3 b4 26. axb4 Qxb4 27. Ra1
a5 28. Ra3 Bc6 29. Qc1 a4 30. Ra2 Qd4 31. Qf1 Rb8 32. h3 Rb3 33. Nf5 Qe5 34. g4
a3 35. e3 axb2 36. Nb1 Rbd3 37. Nd4 R8xd4 38. exd4 Qxd4 39. Kh2 Rd1 0-1

[Event "Stiller Don Rostov-Wroclaw"]
[Site "Dresden"]
[Date "????.??.??"]
[Round "3.3"]
[White "Zakharov, A."]
[Black "Cylwik, Z."]
[Result "1-0"]
[WhiteElo "2427"]
[BlackElo "2073"]
[PlyCount "63"]
[EventDate "2008.??.??"]

1. e4 c5 2. Nf3 e6 3. Nc3 a6 4. g3 d6 5. Bg2 Nf6 6. O-O Nc6 7. d4 cxd4 8. Nxd4
Nxd4 9. Qxd4 e5 10. Qd3 h6 11. Be3 Be6 12. Nd5 Bxd5 13. exd5 Be7 14. Qb3 Qc7
15. Bb6 Qd7 16. c4 O-O 17. Rfd1 Bd8 18. Be3 b6 19. Qd3 a5 20. Rab1 Qc8 21. Qe2
Qg4 22. Qf1 Qc8 23. Bh3 Qc7 24. Qe2 Kh7 25. b4 axb4 26. Rxb4 Qa7 27. a4 Bc7 28.
Rdb1 Rab8 29. a5 Bd8 30. axb6 Qe7 31. c5 g6 32. Qc4 1-0

[Event "Baden-Tschechien"]
[Site "?"]
[Date "????.??.??"]
[Round "3.1"]
[White "Villing, D."]
[Black "Lechtynsky, J."]
[Result "1/2-1/2"]
[WhiteElo "2209"]
[BlackElo "2422"]
[PlyCount "47"]
[EventDate "2008.??.??"]

1. e4 c6 2. d4 d5 3. e5 Bf5 4. c4 e6 5. Nc3 dxc4 6. Bxc4 Nd7 7. Nge2 Nb6 8. Bb3
Ne7 9. O-O Qd7 10. a4 a5 11. Ng3 h6 12. Nce4 Bxe4 13. Nxe4 Nf5 14. Be3 Rd8 15.
Qh5 Nd5 16. Qh3 Bb4 17. Rad1 Nfxe3 18. fxe3 Qe7 19. Rf3 Kd7 20. Rdf1 Rdf8 21.
Bxd5 cxd5 22. Nc3 Bxc3 23. bxc3 f5 24. exf6 1/2-1/2

[Event "Baden-Tschechien"]
[Site "?"]
[Date "????.??.??"]
[Round "3.3"]
[White "Szenetra, W."]
[Black "Trapl, J."]
[Result "1-0"]
[WhiteElo "2291"]
[BlackElo "2337"]
[PlyCount "105"]
[EventDate "2008.??.??"]

1. Nf3 c5 2. e4 e6 3. d3 d5 4. Nbd2 Nc6 5. g3 g6 6. Bg2 Bg7 7. O-O Nge7 8. Qe2
h6 9. Re1 b6 10. Nf1 a5 11. e5 Ba6 12. h4 c4 13. d4 c3 14. Qd1 cxb2 15. Bxb2
Qc7 16. Ba3 Nb4 17. Ne3 Qc3 18. Bxb4 axb4 19. Qd2 Qxd2 20. Nxd2 Nf5 21. Nxf5
gxf5 22. a3 bxa3 23. Rxa3 Kd7 24. Rb1 Rhb8 25. c4 Bf8 26. Ra2 Bb7 27. Rab2 Bc6
28. cxd5 exd5 29. Bh3 Kc7 30. Rc2 b5 31. Bxf5 Ra4 32. Rbc1 Rb6 33. Nf3 Rc4 34.
Bd3 Rxc2 35. Bxc2 Ra6 36. Bb3 Kb6 37. Kf1 Ra3 38. Rb1 b4 39. Nd2 Ka5 40. f4 Ba4
41. Bxd5 Rxg3 42. Ra1 Ra3 43. Nc4+ Kb5 44. Nxa3+ bxa3 45. Bxf7 Kb4 46. Ke2 Kc3
47. Rc1+ Kb2 48. Rc8 Be7 49. Rb8+ Kc3 50. Ke3 Bxh4 51. Ba2 Be7 52. f5 Bg5+ 53.
Ke2 1-0

[Event "Baden-Tschechien"]
[Site "?"]
[Date "????.??.??"]
[Round "3.4"]
[White "Sikora-Lerch, J."]
[Black "Müller, R."]
[Result "1-0"]
[WhiteElo "2260"]
[BlackElo "2210"]
[PlyCount "85"]
[EventDate "2008.??.??"]

1. c4 Nf6 2. g3 e6 3. Bg2 d5 4. Nf3 b6 5. b3 Bb7 6. O-O c5 7. cxd5 exd5 8. d4
Nc6 9. Nc3 Be7 10. Ba3 Rc8 11. Rc1 O-O 12. Bh3 Rb8 13. dxc5 bxc5 14. Na4 c4 15.
Bxe7 Qxe7 16. bxc4 dxc4 17. Rxc4 Ba6 18. Rxc6 Bxe2 19. Qc1 Bxf3 20. Rc3 Bd5 21.
Re1 Qb4 22. Nc5 Bxa2 23. Na6 Qb7 24. Nxb8 Qxb8 25. Rc8 Rxc8 26. Qxc8+ Qxc8 27.
Bxc8 Bc4 28. Ra1 a6 29. Bxa6 Bxa6 30. Rxa6 Ne8 31. Kg2 g6 32. Ra8 Kf8 33. Kf3
Ke7 34. Kf4 h6 35. Ke5 f6+ 36. Ke4 Nc7 37. Rh8 h5 38. Rh7+ Kd6 39. Rg7 f5+ 40.
Kf3 Ne6 41. Rxg6 Ke5 42. Rxe6+ Kxe6 43. Kf4 1-0

[Event "Hessen-Moskau"]
[Site "?"]
[Date "????.??.??"]
[Round "3.1"]
[White "Haubt, G."]
[Black "Chernikov, O."]
[Result "1/2-1/2"]
[WhiteElo "2236"]
[BlackElo "2408"]
[PlyCount "44"]
[EventDate "2008.??.??"]

1. d4 d5 2. Nc3 Nf6 3. Bg5 Nbd7 4. e3 h6 5. Bh4 e6 6. Qf3 Be7 7. O-O-O b6 8. g4
Bb7 9. Bd3 c5 10. Qg2 Rc8 11. f4 a6 12. Nf3 Ne4 13. Be1 Nxc3 14. Bxc3 c4 15.
Be2 b5 16. f5 b4 17. fxe6 fxe6 18. Be1 Qa5 19. Kb1 c3 20. Bd3 cxb2 21. Nh4 Nf8
22. Rf1 Bf6 1/2-1/2

[Event "Hessen-Moskau"]
[Site "?"]
[Date "????.??.??"]
[Round "3.2"]
[White "Shabanov, Y."]
[Black "Rapoport, V."]
[Result "1-0"]
[WhiteElo "2451"]
[BlackElo "2271"]
[PlyCount "79"]
[EventDate "2008.??.??"]

1. e4 c5 2. Nf3 a6 3. c3 d5 4. exd5 Qxd5 5. d4 e6 6. Be2 Nf6 7. O-O Nc6 8. Be3
cxd4 9. Nxd4 Nxd4 10. Bxd4 Bc5 11. Bf3 Qd6 12. Bxc5 Qxc5 13. Nd2 O-O 14. Nb3
Qc7 15. Qd4 e5 16. Qc5 Qxc5 17. Nxc5 Rb8 18. Rfe1 Re8 19. Rad1 g5 20. Rd6 Kg7
21. h3 b6 22. Nb3 a5 23. Bc6 Re7 24. Nd2 g4 25. hxg4 Bxg4 26. Nc4 e4 27. a4 Re6
28. Bb5 Bf5 29. Red1 Rb7 30. Ne3 Bg6 31. Rxe6 fxe6 32. Rd6 Bf7 33. Nc4 Nd5 34.
Bc6 Rc7 35. Bxd5 exd5 36. Ne3 Rc5 37. Nf5+ Kf8 38. Rxb6 Bg6 39. Rb8+ Kf7 40.
Rb5 1-0

[Event "Hessen-Moskau"]
[Site "?"]
[Date "????.??.??"]
[Round "3.3"]
[White "Zunker, R."]
[Black "Kremenietsky, A."]
[Result "1/2-1/2"]
[WhiteElo "2251"]
[BlackElo "2354"]
[PlyCount "82"]
[EventDate "2008.??.??"]

1. e4 c5 2. Nf3 d6 3. d4 cxd4 4. Nxd4 Nf6 5. Nc3 e6 6. g4 h6 7. Bg2 Bd7 8. O-O
Nc6 9. h3 a6 10. Re1 Be7 11. a4 Qc7 12. Nb3 b6 13. f4 Rb8 14. Qe2 b5 15. axb5
axb5 16. Be3 Nd8 17. Ra7 Qc4 18. Qd1 b4 19. Bf1 Qc8 20. Ba6 Nb7 21. Na5 bxc3
22. Bxb7 Rxb7 23. Nxb7 Nxe4 24. Qd3 d5 25. bxc3 O-O 26. c4 Nf6 27. c5 Ne4 28.
Rea1 Nxc5 29. Nxc5 Bxc5 30. Bxc5 Qxc5+ 31. Kg2 Bc6 32. Kg3 d4 33. R7a5 Qd6 34.
Qa3 Qd7 35. Qc5 Rc8 36. Rd1 Bd5 37. Qxd4 Rxc2 38. Ra8+ Rc8 39. Rxc8+ Qxc8 40.
Qe3 Qc2 41. Rd2 Qc4 1/2-1/2

[Event "Hessen-Moskau"]
[Site "?"]
[Date "????.??.??"]
[Round "3.4"]
[White "Arkhangelsky, B."]
[Black "Niebling, F."]
[Result "1/2-1/2"]
[WhiteElo "2358"]
[BlackElo "2225"]
[PlyCount "61"]
[EventDate "2008.??.??"]

1. d4 d5 2. c4 c6 3. Nf3 Nf6 4. e3 e6 5. Nbd2 Nbd7 6. Bd3 Bd6 7. O-O O-O 8. e4
dxe4 9. Nxe4 Nxe4 10. Bxe4 e5 11. dxe5 Nxe5 12. Nxe5 Bxe5 13. Bxh7+ Kxh7 14.
Qh5+ Kg8 15. Qxe5 Re8 16. Qc3 Bf5 17. Be3 Qc7 18. Bd4 f6 19. b4 b6 20. Rfd1 Re6
21. Qf3 Be4 22. Qb3 c5 23. Be3 Rae8 24. Re1 cxb4 25. Rad1 Qc6 26. f3 Bc2 27.
Qxc2 Rxe3 28. Rxe3 Rxe3 29. h4 a5 30. Rd5 Re5 31. Rd8+ 1/2-1/2

[Event "Schweiz-St. Petersburg"]
[Site "?"]
[Date "????.??.??"]
[Round "3.2"]
[White "Loktiev, I."]
[Black "Vucenovic, D."]
[Result "1/2-1/2"]
[WhiteElo "2327"]
[BlackElo "2304"]
[PlyCount "112"]
[EventDate "2008.??.??"]

1. d4 Nf6 2. c4 e6 3. Nc3 Bb4 4. Bd2 O-O 5. Nf3 d5 6. e3 c5 7. a3 Bxc3 8. Bxc3
cxd4 9. Nxd4 Ne4 10. Rc1 a6 11. Qc2 Nxc3 12. Qxc3 Nc6 13. cxd5 Nxd4 14. Qxd4
Qxd5 15. Qxd5 exd5 16. Bd3 Be6 17. Kd2 Rfc8 18. Rc3 Rxc3 19. Kxc3 a5 20. Kd4
Rc8 21. Rd1 Kf8 22. Rd2 Ke7 23. Ke5 g6 24. h4 h6 25. f4 f6+ 26. Kd4 Bf7 27. g4
Rc1 28. Rg2 b6 29. g5 fxg5 30. hxg5 h5 31. Ke5 Rc5 32. f5 gxf5 33. g6 d4+ 34.
Kxd4 Bg8 35. Rh2 Kf6 36. Rxh5 Kxg6 37. Rh8 Kg7 38. Rh1 Rd5+ 39. Kc3 Rc5+ 40.
Kd2 Bd5 41. Rg1+ Kf6 42. Rf1 Be6 43. e4 Bd7 44. exf5 Bb5 45. Bxb5 Rxb5 46. Kc3
Rc5+ 47. Kb3 Rb5+ 48. Ka2 Rxf5 49. Rxf5+ Kxf5 50. Kb3 Ke6 51. Kc4 Kd6 52. Kb5
Kc7 53. Ka6 Kc6 54. b4 axb4 55. axb4 b5 56. Ka5 Kc7 1/2-1/2

[Event "Schweiz-St. Petersburg"]
[Site "?"]
[Date "????.??.??"]
[Round "3.3"]
[White "Glauser, H."]
[Black "Grinberg, I."]
[Result "1/2-1/2"]
[WhiteElo "2169"]
[BlackElo "2268"]
[PlyCount "42"]
[EventDate "2008.??.??"]

1. e4 e5 2. Nf3 Nc6 3. Bb5 Bb4 4. O-O Nge7 5. c3 Ba5 6. d4 exd4 7. cxd4 d5 8.
Qa4 O-O 9. exd5 Qxd5 10. Nc3 Qh5 11. Bg5 Bxc3 12. bxc3 Bg4 13. Bxe7 Bxf3 14.
Bxc6 Bxc6 15. Qd1 Qd5 16. f3 Rfe8 17. Re1 f6 18. Qb3 Qxb3 19. axb3 Kf7 20. Ba3
Rxe1+ 21. Rxe1 Re8 1/2-1/2

[Event "Schweiz-St. Petersburg"]
[Site "?"]
[Date "????.??.??"]
[Round "3.4"]
[White "Bagrunov, V."]
[Black "Illi, H."]
[Result "1/2-1/2"]
[WhiteElo "2074"]
[BlackElo "2167"]
[PlyCount "71"]
[EventDate "2008.??.??"]

1. d4 Nf6 2. Nf3 e6 3. Bf4 d5 4. e3 Bd6 5. Bd3 Bxf4 6. exf4 Qd6 7. Qd2 b6 8.
O-O O-O 9. Re1 Ba6 10. Ne5 Bxd3 11. Qxd3 c5 12. c3 Nc6 13. Nd2 cxd4 14. Nxc6
Qxc6 15. Qxd4 Rac8 16. Qd3 Rfe8 17. a4 a5 18. Re5 Nd7 19. Rh5 Nf8 20. Nf3 Qc4
21. Qd2 Ng6 22. f5 exf5 23. Nd4 f4 24. Rg5 h6 25. Rg4 Re5 26. Nf3 Re2 27. b3
Rxd2 28. bxc4 Rd3 29. h4 h5 30. Rg5 Rxc4 31. Rb1 Rc6 32. Rb5 Rdxc3 33. Rgxd5
R3c5 34. Rdxc5 Rxc5 35. Rxb6 f6 36. Ra6 1/2-1/2

[Event "Finnland 1-SF Katernberg"]
[Site "?"]
[Date "????.??.??"]
[Round "3.1"]
[White "Westerinen, H."]
[Black "Rosen, W."]
[Result "1-0"]
[WhiteElo "2362"]
[BlackElo "2335"]
[PlyCount "75"]
[EventDate "2008.??.??"]

1. e4 c5 2. Nf3 Nc6 3. Bb5 g6 4. O-O Bg7 5. Re1 Nf6 6. e5 Nd5 7. Nc3 Nc7 8.
Bxc6 dxc6 9. h3 O-O 10. d3 b6 11. Ne4 Ne6 12. Neg5 h6 13. Nxe6 Bxe6 14. Bf4 Qd7
15. Qe2 Rae8 16. Rad1 f5 17. h4 Rd8 18. c4 Qc8 19. b3 Kh7 20. d4 cxd4 21. Nxd4
c5 22. Nb5 Qb7 23. Qf3 Qb8 24. Qc6 Bc8 25. Qc7 Qxc7 26. Nxc7 Rg8 27. Nd5 Rge8
28. e6 Bb7 29. Nc7 Rg8 30. Rd7 Bf6 31. Be5 Bxh4 32. g3 Bg5 33. f4 Bc6 34. Rxd8
Rxd8 35. fxg5 hxg5 36. Nd5 Bxd5 37. cxd5 g4 38. Bf6 1-0

[Event "Finnland 1-SF Katernberg"]
[Site "?"]
[Date "????.??.??"]
[Round "3.3"]
[White "Kanko, I."]
[Black "Nautsch, W."]
[Result "1-0"]
[WhiteElo "2219"]
[BlackElo "2290"]
[PlyCount "91"]
[EventDate "2008.??.??"]

1. d4 d5 2. c4 c6 3. Nf3 Nf6 4. Qc2 e6 5. g3 Be7 6. Bg2 O-O 7. O-O Nbd7 8. b3
b6 9. Bb2 Ba6 10. Nbd2 Rc8 11. e4 c5 12. exd5 exd5 13. Rfe1 b5 14. cxb5 Bxb5
15. Rac1 c4 16. Bf1 Nb6 17. Ne5 Bb4 18. Bc3 Bxc3 19. Qxc3 cxb3 20. Qxb3 Bxf1
21. Rxf1 Qd6 22. a4 Ne4 23. Nxe4 dxe4 24. Rxc8 Nxc8 25. Rc1 Ne7 26. Qb7 Nf5 27.
Rc8 Qe7 28. Qxe7 Nxe7 29. Rc7 Nf5 30. Nc6 a6 31. Ra7 e3 32. fxe3 Nxe3 33. Rxa6
g5 34. Rb6 Kg7 35. Rb8 Rxb8 36. Nxb8 Nc4 37. Nc6 Kf6 38. a5 Ke6 39. a6 Nb6 40.
Nb4 f5 41. Kf2 Kd6 42. Kf3 Kc7 43. g4 f4 44. Ke4 Kd6 45. a7 Kc7 46. Nd5+ 1-0

[Event "Finnland 1-SF Katernberg"]
[Site "?"]
[Date "????.??.??"]
[Round "3.4"]
[White "Krüger, E."]
[Black "Aijala, J."]
[Result "0-1"]
[WhiteElo "2200"]
[BlackElo "2146"]
[PlyCount "104"]
[EventDate "2008.??.??"]

1. d4 Nf6 2. c4 e6 3. Nc3 d5 4. cxd5 exd5 5. Bg5 c6 6. Qc2 Be7 7. e3 h6 8. Bf4
Nbd7 9. Nf3 Nf8 10. Bd3 Ne6 11. Bg3 Bd6 12. Bxd6 Qxd6 13. O-O Bd7 14. b4 O-O
15. Ne5 Be8 16. f4 Qxb4 17. g4 Qe7 18. Qg2 Nd7 19. Ne2 Qa3 20. Rad1 f6 21. Nxd7
Bxd7 22. Ng3 Rfe8 23. Nh5 Re7 24. Rf3 Rae8 25. Bg6 Rd8 26. Bc2 Be8 27. Ng3 Nf8
28. e4 Qb4 29. e5 fxe5 30. fxe5 Ne6 31. Nf5 Rf7 32. h4 Bd7 33. Rb3 Qf8 34. Rxb7
g6 35. Ne3 Rf4 36. Bxg6 Nxd4 37. Rxd4 Rxd4 38. Nf5 Qc5 39. Nxh6+ Kg7 40. Nf5+
Kxg6 41. h5+ Kg5 42. Nxd4 Qxd4+ 43. Kh1 Qa1+ 44. Qg1 Qxe5 45. Rxa7 d4 46. Qc1+
Kh4 47. Qf1 c5 48. Ra3 Bc6+ 49. Kg1 Re8 50. h6 Rg8 51. Qh3+ Kg5 52. h7 Qe1+ 0-1

[Event "Catalonia-Salzburg"]
[Site "?"]
[Date "????.??.??"]
[Round "3.2"]
[White "Weinwurm, W."]
[Black "Anguera Maestro, J."]
[Result "0-1"]
[WhiteElo "2177"]
[BlackElo "2223"]
[PlyCount "62"]
[EventDate "2008.??.??"]

1. e4 e5 2. d4 exd4 3. Qxd4 Nc6 4. Qe3 g6 5. Nc3 Bg7 6. Bd2 d6 7. O-O-O Be6 8.
h4 h5 9. Nf3 a6 10. Ng5 Qd7 11. Nxe6 fxe6 12. Bc4 O-O-O 13. Qg3 Qf7 14. Qh3 Re8
15. f4 Nh6 16. Rhf1 Kb8 17. Kb1 Na5 18. Bd3 d5 19. f5 gxf5 20. exd5 exd5 21.
Bxf5 Nc4 22. Bd3 Nxd2+ 23. Rxd2 Bxc3 24. bxc3 Qg7 25. Be2 Ng4 26. Qd3 Ne3 27.
Rf4 Nc4 28. Rxc4 dxc4 29. Qxc4 Rh6 30. Qd4 Rb6+ 31. Kc1 Qh6 0-1

[Event "Catalonia-Salzburg"]
[Site "?"]
[Date "????.??.??"]
[Round "3.3"]
[White "Buxade Roca, G."]
[Black "Winiwarter, F."]
[Result "1/2-1/2"]
[WhiteElo "2199"]
[BlackElo "2187"]
[PlyCount "54"]
[EventDate "2008.??.??"]

1. e4 c5 2. g3 g6 3. Nc3 Nc6 4. Bg2 Bg7 5. d3 e6 6. Be3 d6 7. Qd2 Nge7 8. h4 h5
9. Nge2 Nd4 10. Nf4 Qa5 11. O-O O-O 12. Ncd5 Qd8 13. Nxe7+ Qxe7 14. c3 Nc6 15.
Rae1 b6 16. Kh1 Ba6 17. Ra1 Ne5 18. f3 Bf6 19. Bf2 Rac8 20. b3 Rc7 21. d4 cxd4
22. cxd4 Nd7 23. Rac1 Rfc8 24. Rxc7 Rxc7 25. Rc1 Qd8 26. Kh2 Qc8 27. Rxc7 Qxc7
1/2-1/2

[Event "Catalonia-Salzburg"]
[Site "?"]
[Date "????.??.??"]
[Round "3.4"]
[White "Wöber, Friedrich"]
[Black "Coll Enriquez, Lluis"]
[Result "1/2-1/2"]
[WhiteElo "2150"]
[BlackElo "2168"]
[PlyCount "77"]
[EventDate "2008.??.??"]

1. e4 e5 2. f4 exf4 3. Nf3 d5 4. exd5 Bd6 5. d4 Ne7 6. c4 b6 7. Be2 Ng6 8. O-O
O-O 9. Nc3 Re8 10. Nb5 Bg4 11. Bd2 Bf8 12. Kh1 a6 13. Nc3 Nd7 14. Qc2 Nf6 15.
Rae1 Nh5 16. Ne4 h6 17. Nf2 Rxe2 18. Nxg4 Rxe1 19. Bxe1 Qc8 20. Nge5 Ne7 21.
Qe4 Nf5 22. Nd3 g5 23. Nfe5 Nf6 24. Qe2 Nxd4 25. Qf2 Nf5 26. Nxf4 Bc5 27. Qf3
Nd4 28. Qd3 Qe8 29. Ne6 Nxe6 30. Rxf6 Nf4 31. Qf5 Qc8 32. Nd7 Qe8 33. Ne5 Qc8
34. Rxf7 Qxf5 35. Rxf5 Re8 36. g3 Ne2 37. Nd3 Bd4 38. Kg2 Kg7 39. Bd2 1/2-1/2

[Event "Deutschland-Württemberg"]
[Site "?"]
[Date "????.??.??"]
[Round "3.1"]
[White "Uhlmann, W."]
[Black "Schmid, H."]
[Result "1-0"]
[WhiteElo "2434"]
[BlackElo "2210"]
[PlyCount "73"]
[EventDate "2008.??.??"]

1. c4 e6 2. Nc3 d5 3. d4 c6 4. e3 Bd6 5. Nf3 f5 6. Ne5 Qf6 7. f4 Ne7 8. Bd3
Bxe5 9. dxe5 Qf7 10. O-O Nd7 11. b3 O-O 12. Ba3 b6 13. Qc2 g6 14. Rad1 Bb7 15.
cxd5 exd5 16. e4 fxe4 17. Bxe4 Nc5 18. Bxc5 bxc5 19. Bd3 Nf5 20. Qf2 Qe7 21.
Na4 d4 22. Bxf5 Rxf5 23. Qc2 Raf8 24. Nxc5 Rxf4 25. Qc4+ Kh8 26. Rxf4 Rxf4 27.
Rxd4 Rxd4 28. Qxd4 Bc8 29. Qd6 Qe8 30. e6 Kg8 31. b4 Kg7 32. Qe5+ Kg8 33. h3
Qe7 34. Kh2 a6 35. a3 Qf8 36. e7 Qe8 37. Ne4 1-0

[Event "Deutschland-Württemberg"]
[Site "?"]
[Date "????.??.??"]
[Round "3.2"]
[White "Hottes, D."]
[Black "Donchenko, A."]
[Result "1/2-1/2"]
[WhiteElo "2200"]
[BlackElo "2361"]
[PlyCount "26"]
[EventDate "2008.??.??"]

1. c4 c5 2. Nc3 g6 3. Nf3 Bg7 4. g3 Nc6 5. Bg2 d6 6. O-O Nf6 7. d4 cxd4 8. Nxd4
Bd7 9. Nc2 O-O 10. b3 a6 11. Bb2 Rb8 12. Nd5 Ne8 13. Bxg7 Nxg7 1/2-1/2

[Event "Deutschland-Württemberg"]
[Site "?"]
[Date "????.??.??"]
[Round "3.3"]
[White "Hecht, H-J."]
[Black "Rädeker, B."]
[Result "1-0"]
[WhiteElo "2387"]
[BlackElo "2256"]
[PlyCount "45"]
[EventDate "2008.??.??"]

1. Nf3 Nc6 2. d4 d5 3. e3 Bg4 4. c4 e6 5. a3 a6 6. Nbd2 Nf6 7. Be2 Bd6 8. b4
O-O 9. Bb2 Re8 10. O-O e5 11. c5 e4 12. cxd6 exf3 13. Bxf3 Bf5 14. dxc7 Qxc7
15. Qb3 Rad8 16. Rac1 Re6 17. a4 Ne4 18. Bxe4 dxe4 19. b5 Rh6 20. f4 exf3 21.
Nxf3 Qb6 22. Rc5 Be6 23. Qc3 1-0

[Event "Deutschland-Württemberg"]
[Site "?"]
[Date "????.??.??"]
[Round "3.4"]
[White "Gabriel, J."]
[Black "Klundt, K."]
[Result "0-1"]
[WhiteElo "2135"]
[BlackElo "2378"]
[PlyCount "60"]
[EventDate "2008.??.??"]

1. c4 Nf6 2. Nc3 g6 3. e4 d6 4. d4 Bg7 5. f3 O-O 6. Be3 c5 7. dxc5 dxc5 8. Qxd8
Rxd8 9. Bxc5 Nc6 10. Rb1 Nd7 11. Ba3 Bxc3+ 12. bxc3 Nde5 13. Be2 Be6 14. Rxb7
Rab8 15. Rb3 Nxc4 16. Bc5 N4a5 17. Rb5 Bc4 18. Bxc4 Nxc4 19. Rb3 N4a5 20. Rxb8
Rxb8 21. Kf2 Rb1 22. h4 Nc4 23. Rh3 Rb2+ 24. Ne2 N6e5 25. f4 Ng4+ 26. Kf3 h5
27. Bxa7 Nd2+ 28. Kg3 Nxe4+ 29. Kf3 Nd2+ 30. Kg3 Nf1+ 0-1

[Event "Steiermark-Berlin"]
[Site "?"]
[Date "????.??.??"]
[Round "3.1"]
[White "Watzka, H."]
[Black "Baumbach, F."]
[Result "1/2-1/2"]
[WhiteElo "2321"]
[BlackElo "2290"]
[PlyCount "25"]
[EventDate "2008.??.??"]

1. e4 c5 2. Nf3 Nc6 3. Bb5 g6 4. O-O Bg7 5. c3 Nf6 6. Re1 O-O 7. d4 cxd4 8.
cxd4 d5 9. e5 Ne4 10. Bxc6 bxc6 11. Nbd2 Bf5 12. Nh4 Be6 13. Qc2 1/2-1/2

[Event "Steiermark-Berlin"]
[Site "?"]
[Date "????.??.??"]
[Round "3.4"]
[White "Lieb, H."]
[Black "Kratschmer, H."]
[Result "1-0"]
[WhiteElo "2255"]
[BlackElo "2099"]
[PlyCount "59"]
[EventDate "2008.??.??"]

1. d4 Nf6 2. c4 g6 3. Nf3 Bg7 4. g3 O-O 5. Bg2 c6 6. Nc3 d5 7. O-O dxc4 8. Ne5
Ng4 9. Nxg4 Bxg4 10. h3 Be6 11. Be3 Qd7 12. Kh2 Rd8 13. Qc2 Na6 14. Rad1 Nb4
15. Qc1 Nd5 16. Bh6 b5 17. Ne4 Qc8 18. Nc5 f5 19. Bxg7 Kxg7 20. h4 Nf6 21. Bf3
Bd5 22. h5 Bxf3 23. h6+ Kf7 24. exf3 Rd5 25. Rfe1 f4 26. Re5 Rxe5 27. dxe5 Nd5
28. e6+ Kg8 29. Nd7 g5 30. Rxd5 1-0

[Event "Mazowsze-Leipzig"]
[Site "?"]
[Date "????.??.??"]
[Round "3.3"]
[White "Kowalska, E."]
[Black "Böhlig, H."]
[Result "0-1"]
[WhiteElo "1957"]
[BlackElo "2256"]
[PlyCount "66"]
[EventDate "2008.??.??"]

1. e4 c5 2. Nf3 e6 3. d4 cxd4 4. Nxd4 a6 5. Bd3 Qc7 6. c4 Nf6 7. Nc3 Nc6 8.
Nxc6 dxc6 9. O-O e5 10. h3 Be6 11. Be3 Rd8 12. Qe2 Nd7 13. Rfd1 Be7 14. a3 Nc5
15. Bc2 Rxd1+ 16. Rxd1 b5 17. cxb5 axb5 18. f3 O-O 19. Qf2 Nb7 20. b4 Ra8 21.
Nb1 Nd6 22. Bd3 Bc4 23. Bc5 Bxd3 24. Rxd3 Nc4 25. h4 Rd8 26. Rxd8+ Qxd8 27.
Bxe7 Qxe7 28. Kf1 Qd8 29. Ke2 Nb2 30. Qe1 Qd3+ 31. Kf2 Nd1+ 32. Kg3 Qxb1 33.
Qd2 h6 0-1

[Event "Mazowsze-Leipzig"]
[Site "?"]
[Date "????.??.??"]
[Round "3.4"]
[White "Starke, B."]
[Black "Kania, A."]
[Result "1/2-1/2"]
[WhiteElo "2140"]
[BlackElo "2059"]
[PlyCount "37"]
[EventDate "2008.??.??"]

1. Nf3 d5 2. b3 c5 3. Bb2 Nf6 4. e3 Nc6 5. Bb5 Bd7 6. O-O e6 7. d3 Be7 8. Bxc6
Bxc6 9. Ne5 Qc7 10. Nd2 O-O 11. Nxc6 Qxc6 12. Qe2 Nd7 13. e4 d4 14. a4 e5 15.
Nc4 f5 16. exf5 Rxf5 17. f4 Re8 18. fxe5 Rxf1+ 19. Rxf1 1/2-1/2

[Event "Dänemark-Wien"]
[Site "?"]
[Date "????.??.??"]
[Round "3.1"]
[White "Sloth, J."]
[Black "Roth, P."]
[Result "1/2-1/2"]
[WhiteElo "2352"]
[BlackElo "2209"]
[PlyCount "47"]
[EventDate "2008.??.??"]

1. c4 Nf6 2. Nf3 d6 3. d4 Nbd7 4. Nc3 e5 5. e4 c6 6. Be2 Be7 7. O-O O-O 8. Be3
Qc7 9. d5 c5 10. Ne1 Re8 11. Nd3 Nf8 12. a4 Ng6 13. a5 Bd7 14. Qc2 Ng4 15. Bxg4
Bxg4 16. f3 Bd7 17. Rfb1 b6 18. b4 cxb4 19. axb6 axb6 20. Rxa8 Rxa8 21. Rxb4
Ra1+ 22. Rb1 Rxb1+ 23. Nxb1 b5 24. Nd2 1/2-1/2

[Event "Dänemark-Wien"]
[Site "?"]
[Date "????.??.??"]
[Round "3.3"]
[White "Grabov, S."]
[Black "Dückstein, A."]
[Result "1/2-1/2"]
[WhiteElo "2214"]
[BlackElo "2252"]
[PlyCount "64"]
[EventDate "2008.??.??"]

1. d4 d5 2. Nf3 Nc6 3. Bf4 Bf5 4. e3 e6 5. Be2 Bd6 6. Bg3 Nf6 7. O-O O-O 8. c4
dxc4 9. Bxc4 Qe7 10. Nc3 Bxg3 11. hxg3 Rfd8 12. Bb5 Nb8 13. Qb3 a6 14. Be2 c6
15. a4 Qc7 16. Rfd1 Nbd7 17. Rac1 Rab8 18. Qa3 Ne4 19. Nxe4 Bxe4 20. b4 Bxf3
21. Bxf3 Qd6 22. Qb2 Nb6 23. Qb3 Nd5 24. b5 cxb5 25. axb5 Rbc8 26. Bxd5 exd5
27. Ra1 Qb6 28. Rdb1 axb5 29. Ra2 Rc4 30. Rc2 Rdc8 31. Rxc4 dxc4 32. Qb4 c3
1/2-1/2

[Event "Dänemark-Wien"]
[Site "?"]
[Date "????.??.??"]
[Round "3.4"]
[White "Seuss, O."]
[Black "Olesen, P."]
[Result "1-0"]
[WhiteElo "2170"]
[BlackElo "2067"]
[PlyCount "81"]
[EventDate "2008.??.??"]

1. e4 e5 2. Nf3 d6 3. d4 exd4 4. Qxd4 a6 5. Bf4 Nc6 6. Qd2 Be7 7. Nc3 Nf6 8.
O-O-O O-O 9. Bd3 Be6 10. Qe2 Qc8 11. h3 Nb4 12. a3 Nxd3+ 13. Qxd3 b5 14. Nd5
Bd8 15. g4 Re8 16. Rhe1 Nd7 17. Nd4 Nc5 18. Qf3 Qb7 19. Nf5 a5 20. e5 Bxd5 21.
Rxd5 b4 22. Red1 dxe5 23. Bxe5 Rxe5 24. Rxd8+ Re8 25. Qxb7 Nxb7 26. Rxa8 Rxa8
27. axb4 axb4 28. Rd7 Nd6 29. Nxd6 cxd6 30. Rxd6 Rb8 31. Kd2 Kf8 32. Kd3 Ke7
33. Rd4 Rb5 34. f4 h5 35. Kc4 Rb7 36. Kb3 hxg4 37. hxg4 Kf6 38. Rxb4 Rxb4+ 39.
Kxb4 g5 40. f5 Ke5 41. c4 1-0

[Event "WIS Odessa-Brandenburg"]
[Site "?"]
[Date "????.??.??"]
[Round "3.2"]
[White "Tröger, R."]
[Black "Malisov, B."]
[Result "0-1"]
[WhiteElo "2203"]
[BlackElo "2350"]
[PlyCount "98"]
[EventDate "2008.??.??"]

1. Nf3 g6 2. g3 Bg7 3. Bg2 d5 4. d3 c6 5. Nbd2 Nh6 6. e4 Na6 7. O-O O-O 8. Qe2
f6 9. Re1 e5 10. c3 Nf7 11. a3 Nc7 12. b4 Bg4 13. h3 Be6 14. Bb2 Qd7 15. Kh2 g5
16. Rad1 g4 17. Ng1 h5 18. h4 a5 19. Nb3 axb4 20. Nc5 Qe7 21. axb4 Bc8 22. Ra1
Rxa1 23. Rxa1 dxe4 24. dxe4 Nd6 25. f3 f5 26. fxg4 fxg4 27. Rf1 b6 28. Na4 Ba6
29. Rxf8+ Qxf8 30. Qe3 Nc4 31. Qe2 Bh6 32. Qe1 Bd2 33. Qe2 Qd6 34. Qf2 Ne8 35.
Bf1 Nxb2 36. Nxb2 Bxf1 37. Qxf1 b5 38. Nd1 Nf6 39. Qe2 Kf7 40. Kg2 Bh6 41. Nf2
Qd2 42. Qxd2 Bxd2 43. Ne2 Ke6 44. Kf1 Be3 45. Nd1 Bb6 46. Nf2 Bxf2 47. Kxf2
Nxe4+ 48. Ke3 Kd5 49. Kd3 Nd6 0-1

[Event "WIS Odessa-Brandenburg"]
[Site "?"]
[Date "????.??.??"]
[Round "3.4"]
[White "Lütje, J."]
[Black "Rodkin, R."]
[Result "0-1"]
[WhiteElo "2155"]
[BlackElo "2218"]
[PlyCount "44"]
[EventDate "2008.??.??"]

1. d4 c5 2. e3 Nf6 3. Nf3 b6 4. Bd3 Bb7 5. Nbd2 g6 6. O-O Bg7 7. c3 O-O 8. e4
cxd4 9. cxd4 Nc6 10. a3 d5 11. e5 Ne8 12. Nb3 Nc7 13. Qe2 Qd7 14. Bf4 a5 15.
Rac1 Rfe8 16. Qe3 a4 17. Na1 Ne6 18. Nc2 Nxf4 19. Qxf4 Na5 20. Ne3 Rac8 21.
Rxc8 Rxc8 22. Re1 f5 0-1